000 00774nam a2200229 4500
003 OSt
005 20240619053711.0
006 a
008 240619b |||||||| |||| 00| 0 eng d
020 _a9789814410755
040 _aDWCL-Main lib.
_cOC
082 _2Thirteenth, Philippine edition
_aCirc. 519.5 M358i 2012
100 _aBeaver, Robert J.
245 _aIntroduction to probability and statistics /
250 _aThirteenth, Philippine edition
260 _aPasig City :
_bCengage Learning Asia Pte Ltd.,
_cc2012.
300 _axxi,
_b746 p. : ill. ;
_c23 cm.
504 _aIncludes tables & applications.
650 _a1. Mathematics statistics–Textbooks.
650 _a2. Probabilities.
942 _2ddc
_n0
_cBK-CIRC
_eThirteenth, Philippine edition
_kCirc.
999 _c885
_d885